Когнитивный капитал как фактор повышения экономической активности населения; Информационные технологии в науке, управлении, социальной сфере и медицине; Ч. 2

Detalles Bibliográficos
Parent link:Информационные технологии в науке, управлении, социальной сфере и медицине: сборник научных трудов III Международной научной конференции, 23-26 мая 2016 г., Томск.— , 2016
Ч. 2.— 2016.— [С. 607-611]
Autor principal: Хаматова А. С.
Autor Corporativo: Национальный исследовательский Томский политехнический университет (ТПУ) Институт социально-гуманитарных технологий (ИСГТ) Кафедра экономики (ЭКОН)
Otros Autores: Рождественская Е. М. Елена Михайловна
Sumario:Заглавие с титульного экрана
For modern innovative economy becoming a key resource of knowledge. Politicians are increasingly concentrated the attention of scientists on the need to develop the concept of "a society based on knowledge" or "knowledge society". Many governments allocate substantial funds to build the infrastructure of the knowledge society. More and more foreign companies are implementing the knowledge management system, following modern trends of development of the knowledge economy.
Lenguaje:ruso
Publicado: 2016
Colección:Оценка и моделирование социального благополучия населения
Materias:
Acceso en línea:http://earchive.tpu.ru/handle/11683/31546
Formato: MixedMaterials Electrónico Capítulo de libro
KOHA link:https://koha.lib.tpu.ru/cgi-bin/koha/opac-detail.pl?biblionumber=619811

MARC

LEADER 00000naa2a2200000 4500
001 619811
005 20231225173128.0
035 |a (RuTPU)RU\TPU\conf\18247 
035 |a RU\TPU\conf\18246 
090 |a 619811 
100 |a 20160901d2016 k y0rusy50 ca 
101 0 |a rus 
102 |a RU 
105 |a y z 101zy 
135 |a drcn ---uucaa 
181 0 |a i  
182 0 |a b 
200 1 |a Когнитивный капитал как фактор повышения экономической активности населения  |d Cognitive capital as a factor of increasing economically active population  |f А. С. Хаматова, Е. М. Рождественская 
203 |a Текст  |c электронный 
225 1 |a Оценка и моделирование социального благополучия населения 
300 |a Заглавие с титульного экрана 
320 |a [Библиогр.: с. 611 (11 назв.)] 
330 |a For modern innovative economy becoming a key resource of knowledge. Politicians are increasingly concentrated the attention of scientists on the need to develop the concept of "a society based on knowledge" or "knowledge society". Many governments allocate substantial funds to build the infrastructure of the knowledge society. More and more foreign companies are implementing the knowledge management system, following modern trends of development of the knowledge economy. 
461 1 |0 (RuTPU)RU\TPU\conf\17281  |t Информационные технологии в науке, управлении, социальной сфере и медицине  |o сборник научных трудов III Международной научной конференции, 23-26 мая 2016 г., Томск  |o в 2 ч.  |d 2016 
463 1 |0 (RuTPU)RU\TPU\conf\17287  |t Ч. 2  |f Национальный исследовательский Томский политехнический университет (ТПУ) ; под ред. О. Г. Берестневой [и др.]  |v [С. 607-611]  |d 2016 
510 1 |a Cognitive capital as a factor of increasing economically active population  |z eng 
610 1 |a труды учёных ТПУ 
610 1 |a электронные ресурсы 
610 1 |a экономика знаний 
610 1 |a образование 
610 1 |a ресурсоэффективные технологии 
610 1 |a когнитивный менеджмент 
610 1 |a экономически активное население 
700 1 |a Хаматова  |b А. С. 
701 1 |a Рождественская  |b Е. М.  |c экономист  |c ведущий научный сотрудник Томского политехнического университета, кандидат экономических наук  |f 1988-  |g Елена Михайловна  |3 (RuTPU)RU\TPU\pers\36309  |9 19383 
712 0 2 |a Национальный исследовательский Томский политехнический университет (ТПУ)  |b Институт социально-гуманитарных технологий (ИСГТ)  |b Кафедра экономики (ЭКОН)  |3 (RuTPU)RU\TPU\col\18375 
801 2 |a RU  |b 63413507  |c 20160912  |g RCR 
856 4 |u http://earchive.tpu.ru/handle/11683/31546 
942 |c BK